<?xml version="1.0" encoding="UTF-8"?>
<collection xmlns="http://www.loc.gov/MARC21/slim">
    <record>
        <controlfield tag="001">47368</controlfield>
        <controlfield tag="005">20160211114204.0</controlfield>
        <datafield tag="037" ind1=" " ind2=" ">
            <subfield code="a">TAZ-TFG-2015-2953</subfield>
        </datafield>
        <datafield tag="041" ind1=" " ind2=" ">
            <subfield code="a">spa</subfield>
        </datafield>
        <datafield tag="100" ind1="1" ind2=" ">
            <subfield code="a">Luño Tola, Daniel</subfield>
        </datafield>
        <datafield tag="245" ind1="0" ind2="0">
            <subfield code="a">Constantino I (306 - 337): entre política y religión.</subfield>
        </datafield>
        <datafield tag="260" ind1=" " ind2=" ">
            <subfield code="a">Zaragoza</subfield>
            <subfield code="b">Universidad de Zaragoza</subfield>
            <subfield code="c">2015</subfield>
        </datafield>
        <datafield tag="506" ind1=" " ind2=" ">
            <subfield code="a">by-nc-sa</subfield>
            <subfield code="b">Creative Commons</subfield>
            <subfield code="c">3.0</subfield>
            <subfield code="u">http://creativecommons.org/licenses/by-nc-sa/3.0/</subfield>
        </datafield>
        <datafield tag="520" ind1=" " ind2=" ">
            <subfield code="a">El emperador Constantino (306 – 337) es un personaje controvertido al que acompaña una gran polémica. Su conversión al cristianismo supuso un auténtico punto de inflexión y trajo consecuencias de profundo calado político que abrieron un nuevo periodo en la historia del Imperio romano. La historiografía moderna ha tratado de establecer los motivos que llevaron al emperador a adoptar el cristianismo como religión personal  generando así un largo debate que dura hasta nuestros días. En el momento actual de la investigación, la adhesión personal de Constantino a esta religión es entendida como un hecho incuestionable en el que intervinieron motivos religiosos y políticos. Esto ha permitido establecer una correlación entre la trayectoria política y la trayectoria religiosa del emperador, de manera que su política religiosa formaría parte de un proyecto mucho más ambicioso que habría tenido como objetivo principal la unificación del territorio bajo su autoridad. El propósito de este trabajo es hacer un análisis de la política en materia religiosa del emperador Constantino a partir de las diferentes disposiciones legales que fueron adoptadas en momentos clave de su principado procediendo a su contextualización en términos históricos.</subfield>
        </datafield>
        <datafield tag="521" ind1=" " ind2=" ">
            <subfield code="a">Graduado en Historia</subfield>
        </datafield>
        <datafield tag="540" ind1=" " ind2=" ">
            <subfield code="a">Derechos regulados por licencia Creative Commons</subfield>
        </datafield>
        <datafield tag="700" ind1=" " ind2=" ">
            <subfield code="a">Escribano Paño, María Victoria</subfield>
            <subfield code="e">dir.</subfield>
        </datafield>
        <datafield tag="710" ind1="2" ind2=" ">
            <subfield code="a">Universidad de Zaragoza</subfield>
            <subfield code="b">Ciencias de la Antigüedad</subfield>
            <subfield code="c">Historia Antigua</subfield>
        </datafield>
        <datafield tag="856" ind1="0" ind2=" ">
            <subfield code="f">631126@celes.unizar.es</subfield>
        </datafield>
        <datafield tag="856" ind1="4" ind2=" ">
            <subfield code="s">740645</subfield>
            <subfield code="u">http://zaguan.unizar.es/record/47368/files/TAZ-TFG-2015-2953.pdf</subfield>
            <subfield code="y">Memoria (spa)</subfield>
        </datafield>
        <datafield tag="909" ind1="C" ind2="O">
            <subfield code="o">oai:zaguan.unizar.es:47368</subfield>
            <subfield code="p">driver</subfield>
            <subfield code="p">trabajos-fin-grado</subfield>
        </datafield>
        <datafield tag="950" ind1=" " ind2=" ">
            <subfield code="a"></subfield>
        </datafield>
        <datafield tag="951" ind1=" " ind2=" ">
            <subfield code="a">deposita:2016-02-10</subfield>
        </datafield>
        <datafield tag="980" ind1=" " ind2=" ">
            <subfield code="a">TAZ</subfield>
            <subfield code="b">TFG</subfield>
            <subfield code="c">FFYL</subfield>
        </datafield>
    </record>

    
</collection>